Countries with the Highest Food Quality - Statistics

General Stats
  • This quiz has been taken 111 times
  • The average score is 17 of 20
Answer Stats
Overall Score Country % Correct
83.7 United States
98%
80.4 France
97%
79.1 United Kingdom
97%
82.7 Sweden
94%
82.4 Canada
93%
82.9 Finland / Norway
93%
81.5 Germany
92%
76.5 Japan / United Arab Emirates
92%
81 Denmark
90%
81.7 Austria
89%
82 Netherlands
89%
83.1 Switzerland
89%
81.4 Australia
88%
78.8 New Zealand
87%
84 Ireland
86%
80.7 Belgium
80%
77.8 Portugal
77%
87.4 Singapore
66%
79 Israel
51%
81.2 Qatar
40%
No matching quizzes found
Score Distribution
Percent of People with Each Score
Percentile by Number Answered
Your Score History
You have not taken this quiz